Online
Catalog

Educación para la democracía / (Record no. 45602)

MARC details
000 -CABECERA
campo de control de longitud fija 00789nam a2200169 a 4500
001 - NÚMERO DE CONTROL
campo de control 000046113
005 - FECHA Y HORA DE LA ÚLTIMA TRANSACCIÓN
campo de control 20201002052639.0
008 - DATOS DE LONGITUD FIJA--INFORMACIÓN GENERAL
campo de control de longitud fija 150623s1999 dr a 000 0 spa d
040 ## - FUENTE DE LA CATALOGACIÓN
Centro catalogador/agencia de origen DO-SdBNP
Lengua de catalogación spa
Centro/agencia transcriptor BNPHU
082 ## - NÚMERO DE LA CLASIFICACIÓN DECIMAL DEWEY
Número de clasificación xxxx
Número de documento/Ítem xxxx
245 00 - MENCIÓN DE TÍTULO
Título Educación para la democracía /
Mención de responsabilidad, etc. Compilación de lecciones preparadas por Kenneth Rodríguez y Norma Wright ; adapt. a la realidad dominicana por Gladys García Romero ; presentación de Mu-Kien Adriana Sung.
260 ## - PUBLICACIÓN, DISTRIBUCIÓN, ETC.
Lugar de publicación, distribución, etc. [Santo Domingo] :
-- Los Angeles, Calif. :
Nombre del editor, distribuidor, etc. Center for Civic Education,
-- Servicio Informativo y Cultural de los Estados Unidos,
Fecha de publicación, distribución, etc. 1999.
300 ## - DESCRIPCIÓN FÍSICA
Extensión 113 p. :
Otras características físicas il. ;
Dimensiones 27 cm.
700 12 - PUNTO DE ACCESO ADICIONAL--NOMBRE DE PERSONA
Nombre de persona Rodríguez, Kenneth,
Término indicativo de función/relación comp.
9 (RLIN) 17394
700 12 - PUNTO DE ACCESO ADICIONAL--NOMBRE DE PERSONA
Nombre de persona Wright, Norma,
Término indicativo de función/relación comp.
9 (RLIN) 17395
700 12 - PUNTO DE ACCESO ADICIONAL--NOMBRE DE PERSONA
Nombre de persona García Romero, Gladys Graciela
9 (RLIN) 17396
Holdings
Estado de retiro Estado de pérdida No para préstamo Código de colección Localización permanente Ubicación/localización actual Ubicación en estantería Fecha de adquisición Número de inventario Total de préstamos Signatura topográfica completa Código de barras Fecha visto por última vez Precio válido a partir de Tipo de ítem Koha Nota pública Número de copia
    Excluido de préstamo Patrimonio Dominicano Patrimonio Dominicano Patrimonio Dominicano En catalogación 23.06.2015 LF1   xxxx xxxx 46113-10 25.06.2020 25.06.2020 Libro y Folleto Colección Patrimonio Dominicano Perteneció a la biblioteca personal de Chiqui Vicioso / Fidelio Despradel.  
    Excluido de préstamo Patrimonio Dominicano Patrimonio Dominicano Patrimonio Dominicano En catalogación 23.06.2015 LF1   xxxx xxxx 46113-20 25.06.2020 25.06.2020 Libro y Folleto Colección Patrimonio Dominicano Perteneció a la biblioteca personal de Chiqui Vicioso / Fidelio Despradel. e. 2

Powered by Koha